Faktory determinujúce rozvoj cestovného ruchu. 1

Predpoklady rozvoja cestovného ruchu ako súčasti "priemyslu voľného času" ale aj štýlu života moderného človeka v budúcich rokoch a desaťročiach podľa prognóz Svetovej organizácie cestovného ruchu. Faktory determinujúce dynamický rozvoj cestovného ruchu. Prognózy rozvoja cestovného ruchu v Európe.

Na minha lista:
Detalhes bibliográficos
Autor principal: Sniščák, Vincent
Formato: Capítulo de Livro
Idioma:eslovaco
Assuntos:
Tags: Adicionar Tag
Sem tags, seja o primeiro a adicionar uma tag!

MARC

LEADER 00000naa a2200000 4500
001 r024117
005 20221205091528.6
041 0 |a slo 
044 |a SK 
245 1 0 |a Faktory determinujúce rozvoj cestovného ruchu. 1  |c Vincent Sniščák 
520 |a Predpoklady rozvoja cestovného ruchu ako súčasti "priemyslu voľného času" ale aj štýlu života moderného človeka v budúcich rokoch a desaťročiach podľa prognóz Svetovej organizácie cestovného ruchu. Faktory determinujúce dynamický rozvoj cestovného ruchu. Prognózy rozvoja cestovného ruchu v Európe. 
610 2 0 |a ruch cestovný 
610 2 0 |a Európa 
610 2 0 |a 2000 
610 2 0 |a prognózy 
100 1 |a Sniščák, Vincent